000 00439nam a22001817a 4500
003 CEME
005 20210628203635.0
008 210317b xxu||||| |||| 00| 0 eng d
020 _a0-07-881463-4
040 _c.
082 _a005.13 JOH'A
100 _aJohnson, Nelson
_966662
245 _aThe complete reference autocad
260 _aNEW YORK
_bMCGRAW HILL
_c1989
300 _a837P
650 _aAUTOCAD
_966663
942 _cBK
_2ddc
999 _c574593
_d574593